000 00822nji a22002297a 4500
005 20100908151324.0
006 a|||||r|||||00| 0
007 sd ammalaaahaa
008 100830t xxu||||| |||| 00| 0 eng d
028 _aEss.1002
_bStateside
035 _aGR-01353
040 _aSED
_cSED
100 _917455
_aVaughn, Billy
245 _aBroken doll /
_cby Billy Vaughn [and] His Orchestra
_h[sound recording] :
260 _aIndia
_bStateside
_c1964
300 _a1 sound disc [Gramophone Recording]:
_banalog, 33 1/3 rpm
_c9.5 in. (MP)
_fGramophone Record
500 _aBrief Record
505 _aSide-2 (Happy cowboy) (Billy Vaughn and his Orchestra)
650 _aClassical Music
_zIndia
_91186
_xExcerpts
942 _2ddc
_cGR
999 _c44569
_d44569